000 01140nam0a22003131 4500
001 RU\NLR\INFOCOMM_89\5000595358
005 20250613095116.0
035 _a(NLR Aleph) 009285438
090 _a9187261
_c9187261
100 _a20100922d1973 |||y0rusy50 ca
101 0 _ager
102 _aRU
105 _aa ||||000|y
200 1 _aElektrische Ausrüstung für die Zeilensetz- und Giessmaschine H-15
_fUdSSR. Leningrader Fabrik für polygraphische Maschinen
210 _aL.
_d[1973]
215 _a[1], 11 л., 2 л. схем.
_cсхем.
_d20 см
309 _aТекст на одной стороне листа
606 _aСловометные машины
_xЭлектрооборудование
_2nlr_sh1
606 _aНаборные машины
_xЭлектрооборудование
_2nlr_sh1
686 _aМ801.110.4-51-048
_2rubbk
686 _aМ801.13-5-048
_2rubbk
686 _aТ18-34
_2rubbk
686 _aТ18-48
_2rubbk
712 0 2 _aLeningrader Fabrik für polygraphische Maschinen
_4570
801 1 _aRU
_bNLR
_c20100922
801 0 _aRU
_bNLR
_gPSBO
852 _aNLR
_jТ71 Д-4/4
942 _cBOOK
980 _aNB